<?xml version="1.0" encoding="UTF-8"?>
<collection xmlns="http://www.loc.gov/MARC21/slim">
 <record>
  <leader>01577nam a2200241Ia 4500</leader>
  <controlfield tag="001">TDMU_7754</controlfield>
  <controlfield tag="008">210410s9999    xx            000 0 und d</controlfield>
  <datafield tag="082" ind1=" " ind2=" ">
   <subfield code="a">628</subfield>
  </datafield>
  <datafield tag="090" ind1=" " ind2=" ">
   <subfield code="b">L561</subfield>
  </datafield>
  <datafield tag="100" ind1=" " ind2=" ">
   <subfield code="a">Lương, ĐưÌc PhâÌ‰m</subfield>
  </datafield>
  <datafield tag="245" ind1=" " ind2="0">
   <subfield code="a">Cơ sơÌ‰ khoa hoÌ£c trong công nghêÌ£ baÌ‰o vêÌ£ môi trươÌ€ng</subfield>
  </datafield>
  <datafield tag="245" ind1=" " ind2="0">
   <subfield code="c">Lương ĐưÌc PhâÌ‰m (tôÌ‰ng chuÌ‰ biên kiêm chuÌ‰ biên), Đinh ThiÌ£ Kim Nhung; TrâÌ€n CâÌ‰m Vân</subfield>
  </datafield>
  <datafield tag="245" ind1=" " ind2="0">
   <subfield code="n">TâÌ£p hai</subfield>
  </datafield>
  <datafield tag="245" ind1=" " ind2="0">
   <subfield code="p">Cơ sơÌ‰ vi sinh trong công nghêÌ£ baÌ‰o vêÌ£ môi trươÌ€ng</subfield>
  </datafield>
  <datafield tag="260" ind1=" " ind2=" ">
   <subfield code="a">H.</subfield>
  </datafield>
  <datafield tag="260" ind1=" " ind2=" ">
   <subfield code="b">GiaÌo duÌ£c ViêÌ£t Nam</subfield>
  </datafield>
  <datafield tag="260" ind1=" " ind2=" ">
   <subfield code="c">2009</subfield>
  </datafield>
  <datafield tag="300" ind1=" " ind2=" ">
   <subfield code="a">571tr.</subfield>
  </datafield>
  <datafield tag="520" ind1=" " ind2=" ">
   <subfield code="a">TriÌ€nh baÌ€y caÌc kiêÌn thưÌc cơ sơÌ‰ khoa hoÌ£c trong công nghêÌ£ baÌ‰o vêÌ£ môi trươÌ€ng. TâÌ£p hai giơÌi thiêÌ£u kiêÌn thưÌc vêÌ€ vi sinh vâÌ£t trong tưÌ£ nhiên vaÌ€ vai troÌ€ cuÌ‰a vi sinh vâÌ£t trong công taÌc laÌ€m saÌ£ch vaÌ€ baÌ‰o vêÌ£ môi trươÌ€ng.</subfield>
  </datafield>
  <datafield tag="650" ind1=" " ind2=" ">
   <subfield code="a">Môi trươÌ€ng; BaÌ‰o vêÌ£ môi trươÌ€ng; Khoa hoÌ£c; Công nghêÌ£; Vi sinh vâÌ£t; Môi trươÌ€ng </subfield>
   <subfield code="x">BaÌ‰o vêÌ£ môi trươÌ€ng</subfield>
  </datafield>
  <datafield tag="700" ind1=" " ind2=" ">
   <subfield code="a">Đinh, ThiÌ£ Kim Nhung</subfield>
  </datafield>
  <datafield tag="856" ind1=" " ind2=" ">
   <subfield code="u">http://lrc.tdmu.edu.vn/opac/search/detail.asp?aID=2&amp;ID=7754</subfield>
  </datafield>
  <datafield tag="980" ind1=" " ind2=" ">
   <subfield code="a">Trung tâm Học liệu Trường Đại học Thủ Dầu Một</subfield>
  </datafield>
 </record>
</collection>
